উচিৎ শ্রবণ / (Record no. 5051)
[ view plain ]
| 000 -LEADER | |
|---|---|
| fixed length control field | 00706nam a2200217 a 4500 |
| 001 - CONTROL NUMBER | |
| JCCL Control Number | 5051 |
| 003 - CONTROL NUMBER IDENTIFIER | |
| JCCL marc code | BD-JhCC |
| 005 - DATE AND TIME OF LATEST TRANSACTION | |
| control field | 20171207190910.0 |
| 008 - FIXED-LENGTH DATA ELEMENTS--GENERAL INFORMATION | |
| fixed length control field | 171207b1969 bg |||| ||a| 00| 0 bg d |
| 035 ## - SYSTEM CONTROL NUMBER | |
| system control number | (BD-JhCC) 5051 |
| 040 ## - CATALOGING SOURCE | |
| Original cataloging agency | BD-JhCC |
| Modifying agency | BD-JhCC |
| 041 ## - LANGUAGE CODE | |
| Language code of Book | Ben |
| 082 ## - DEWEY DECIMAL CLASSIFICATION NUMBER | |
| Classification number | 398.21 |
| Author mark and Year | AUW 1969 |
| 100 ## - MAIN ENTRY--PERSONAL NAME | |
| Personal name | আউয়াল, ডক্টর মোহাম্মদ আবদুল |
| 245 ## - TITLE STATEMENT | |
| Title | উচিৎ শ্রবণ / |
| Statement of responsibility, etc | ডক্টর মোহাম্মদ আবদুল আউয়াল, |
| 260 ## - PUBLICATION, DISTRIBUTION, ETC. (IMPRINT) | |
| Place of publication, distribution, etc | ঢাকা : |
| Name of publisher, distributor, etc | বাংলা একাডেমী ঢাকা |
| 300 ## - PHYSICAL DESCRIPTION | |
| Pagination | 53 p . : |
| Dimensions | 24 cm . |
| 650 ## - SUBJECT ADDED ENTRY--TOPICAL TERM | |
| Topical term or geographic name as entry element | Talklore, Bengali |
| 942 ## - ADDED ENTRY ELEMENTS (KOHA) | |
| Source of classification or shelving scheme | Dewey Decimal Classification |
| Koha item type | Books |
| Source of classification or shelving scheme | Damaged status | Not for loan | Home library | Current library | Shelving location | Date of accession | Cost, normal purchase price | Total Checkouts | Full call number | Barcode | Date last seen | Copy number | Koha item type |
|---|---|---|---|---|---|---|---|---|---|---|---|---|---|
| Dewey Decimal Classification | JCC Rouf Library | JCC Rouf Library | General Stacks | 12/07/2017 | 2.00 | 398.21 AUW 1969 | 5923 | 12/07/2017 | C-1 | Books |